載入...

Tribals, rehabilitation and development

書目詳細資料
主要作者: Alexander, K C
其他作者: Jahagirdar, M P, Prasad, R R
格式: Printed Book
語言:Undetermined
English
出版: Jaipur Rawat Publications 1991
主題:
LEADER 00614nam a2200205Ia 4500
008 140306s9999 xx 000 0 und d
020 |a 8170331134 
041 |a eng 
082 |a 307.772  |b ALE/TR 
100 |a Alexander, K C 
245 |a Tribals, rehabilitation and development 
260 |a Jaipur  |b Rawat Publications  |c 1991 
300 |a 156 
365 |b Rs.160 
650 |a Sociology 
700 |a Jahagirdar, M P 
700 |a Prasad, R R 
942 |2 ddc  |c BK 
999 |c 182550  |d 182550 
952 |0 0  |1 0  |2 ddc  |4 0  |6 307_772000000000000_ALE_TR  |7 0  |9 188271  |a KAUCBV  |b KAUCBV  |g 160.00  |o 307.772 ALE/TR  |r 2014-03-22  |w 2014-03-22  |y BK